00845nas a2200253 a 4500001001900000003000400019005001700023008004100040020001500081035002500096035002100121040002400142080001400166245010600180260003400286300003200320546003500352650002000387650004900407650004000456700002400496700001900520710005200539991028595929706706OSt20211217130018.0041025c19999999sp || ||| ||| 0 ||spa|c a8492275928 a(ES-BaCBU).b32264392 a(OCoLC)803212085 aES-BaCBUbcatcCDMR a070.4(05)00aInnovaciones en periódicos :binforme mundial 1999c/ [Editores: Juan Antonio Giner, Barry Sussman] aPamplona :bInnovation,c1999 a79 pàginesb: il.;c30 cm aEs publica també en anglès04aDiarisxDisseny07aDiarisxCompaginació i composició2lemac04aPremsaxInnovacions tecnològiques1 aGiner, Juan Antonio aSussman, Barry2 aInnovation International Media Consulting Group